| 000 | 00449nam a22001337a 4500 | ||
|---|---|---|---|
| 999 |
_c130099 _d130099 |
||
| 008 | 191203b ||||| |||| 00| 0 eng d | ||
| 050 | _aHD9000.9.M465 | ||
| 100 |
_aMaxwell, Simon _948861 |
||
| 245 |
_aHousehold food security _bconcepts, indicators, measurements _cSimon Maxwell and Timothy R. Frankenberger |
||
| 260 |
_aNew York _bUNICEF _c1992 |
||
| 300 |
_aiv, 274p. ; _c30cm. |
||
| 650 |
_aFood supply, Household _948862 |
||
| 942 |
_2lcc _cMONOGRAPH |
||